Statistiques concernant Top 5 du Ballon d'or (2000-2009)

Cliquez ici pour prendre le quiz!

Statistiques générales

  • Ce quiz a été pris 213 fois
  • Le résultat moyen est 36 sur 50

Statistiques - réponses

HintRéponse% Correct
Cristiano Ronaldo
100%
Cristiano Ronaldo
100%
2008Cristiano Ronaldo
100%
2009Lionel Messi
100%
Lionel Messi
100%
Lionel Messi
100%
2002Ronaldo
99%
Zinédine Zidane
94%
Zinédine Zidane
94%
Zinédine Zidane
94%
Zinédine Zidane
94%
Ronaldinho
91%
Ronaldinho
91%
2005Ronaldinho
91%
2007Kaká
90%
2006Fabio Cannavaro
88%
Thierry Henry
85%
Thierry Henry
85%
Thierry Henry
85%
Thierry Henry
85%
Thierry Henry
85%
Andrés Iniesta
84%
Xavi
83%
Xavi
83%
2000Luís Figo
80%
2003Pavel Nedvěd
78%
2001Michael Owen
75%
Andriy Shevchenko
73%
Andriy Shevchenko
73%
2004Andriy Shevchenko
73%
Andriy Shevchenko
73%
Alessandro Nesta / Rivaldo
70%
Gianluigi Buffon
70%
Paolo Maldini
64%
Steven Gerrard
58%
Frank Lampard
55%
Fernando Torres
54%
Samuel Eto'o
54%
David Beckham
53%
Roberto Carlos
53%
Didier Drogba
48%
Raúl
47%
Iker Casillas
46%
Andrea Pirlo
43%
Oliver Kahn
39%
Oliver Kahn
39%
Deco
38%
Francesco Totti
25%
Michael Ballack
19%
Theodoros Zagorakis
2%

Distribution des résultats

Percentile par nombre de réponses

% des personnes avec chaque résultat

Votre développement - résultats

Vous n’avez pas pris ce quiz